Villes de France en N (difficile) - Statistiques

Statistiques générales
  • Ce quiz a été pris 52 fois
  • Le résultat moyen est 7 sur 20
Statistiques - réponses
Hint Réponse % Correct
Donna son nom à la province romaine du sud de la Gaule Narbonne
76%
Capitale d'un duché sur la Loire, à la confluence entre Loire et Allier Nevers
67%
Un imposant viaduc autoroutier donne une vue imprenable sur cette cité perchée dans le Haut-Bugey, avec son lac. Nantua
62%
Ôtez le s à la fin du nom de cette cité de la Drôme et vous tomberez sur une ville de Suisse. Nyons
47%
Cette ville bourgeoise de la banlieue Est possède un port de plaisance sur le cours d'eau où elle se situe Nogent-sur-Marne
42%
Palindrome et ville natale de Jean Calvin Noyon
42%
Principale commune d'une presqu'île Noirmoutier-en-l'ÎIe
40%
Selon Oldelaf, déménager dans cette commune de l'Eure-et-Loir, c'est la « tristitude ». Le même nom que les trois précédentes. Nogent-le-Rotrou
36%
Sous-préfecture possédant de grands moulins grâce auxquelles le cours d'eau sur laquelle elle se situe devient navigable Nogent-sur-Seine
36%
Ancienne cité ducale du Gâtinais, sur le Loing. Nemours
33%
Il ne faut pas changer beaucoup le nom de la précédente pour trouver cette ville normande qui donne son nom à un succulent fromage à pâte molle Neufchâtel-en-Bray
33%
Dans l'aire urbaine parisienne, mais non en Île-de-France. Voisine de Creil. Nogent-sur-Oise
33%
Petite sous-préfecture gasconne. Nérac
31%
Ville stratégique à l'entrée des Vosges, au carrefour entre Champagne et Lorraine, à la riche histoire médiévale Neufchâteau
29%
Non-loin de la précédente, son nom évoque un fameux chanteur toulousain Nogaro
29%
Côteaux fameux en plein cœur d'un des vignobles les plus prisés de Bourgogne Nuits-Saint-Georges
22%
Le radical basque de son nom est partagé avec un ancien royaume uni à la France, qui est aussi une province espagnole. Navarrenx
13%
Cité minière de l’Artois, elle est marquée par l’installation d’une importante communauté polonaise. Nœux-les-Mines
13%
Cité béarnaise sur le gave de Pau, jumelle de Coarraze Nay
11%
Ville flamande de la plaine de la Lys, à la frontière avec la Belgique Nieppe
4%
Aucun quiz correspondant
Distribution des résultats
% des personnes avec chaque résultat
Percentile par nombre de réponses
Votre historique - résultats
Vous n’avez pas pris ce quiz